| 000 | 01188njm a2200277Ia 4500 | ||
|---|---|---|---|
| 001 | 24607 | ||
| 003 | IT-RoPAU | ||
| 005 | 20220918181213.0 | ||
| 008 | 131025s9999 xx 000 0 und d | ||
| 040 | _aIT-RoPAU | ||
| 040 | _cIT-RoPAU | ||
| 999 |
_c103745 _d103745 |
||
| 999 | _bn.d. | ||
| 100 |
_aLoewe Frederick _910917 |
||
| 100 |
_eAutore musica _910918 |
||
| 100 |
_gCodice autore musica SPICS: 10988 _910919 |
||
| 245 | _aMy Fair Lady | ||
| 250 | _a1a ed. | ||
| 260 | _aITALIA | ||
| 260 |
_bFAMILY RECORDS _c1972 [1a Ed.:1972] |
||
| 300 | _aDISCO | ||
| 500 | _aColonna sonora. Musica da film. Strumentale | ||
| 505 | _aI Could Have Denced All Night (Vorrei danzar con te) - I've Grown Accustomed To Her Face (Hai da un volto ai sogni miei) - Readin', Ritin' And Dignity - Wouldn't It Be Lovely (Sarebbe splendido) - A Lady Through and Through - Get Me To the Curch On Time (Oggi mi sposo) - Ascot Promenade (L'angolo incantevole) - On the Street Where You Live - A Cockney In Love - With A Little Bit of Luck (Con un briciolo di fortuna) | ||
| 511 | _aOrchestra 101 Strings diretta da Muller Richard | ||
| 650 |
_aCOLONNA SONORA [DISCHI] _eCodice MATERIA SPICS: 9950 _910920 |
||
| 942 |
_cMD _2ddc |
||